000 nam a22 7a 4500
999 _c329507
_d329507
003 ASAB
005 20170511114858.0
008 170511b xxu||||| |||| 00| 0 eng d
020 _a81-85860-92-0
040 _cASAB
082 _a579.5
100 _aProf. Kamal Festschrift
_9421
245 _aFrontiers of fungal diversity in india
_cEditors: G P Rao, et.al..
260 _aIndia.
_bInternational book distributing co.
_c2003.
300 _a906 P.
942 _2ddc
_cBK